Statistics for Which country celebrates christmas like this....

Click here to take the quiz!

General Stats

  • This quiz has been taken 21 times
  • The average score is 6 of 10

Answer Stats

Hint Answer % Correct
Christmas Day is called “Erste Feiertag” ('first celebration')Germany
95%
The most important day is 5th December which is known as Sinterklaas EveNetherlands
84%
The main Christmas meal, called Reveillon, is eaten on Christmas Eve/early Christmas morningFrance
84%
The dessert for the main meal is 'Kerststronk' or 'la bûche de Noël': a chocolate Christmas Log Belgium
74%
Julekalender (christmas calendar) is a television series and one episode is shown each day in December until Christmas EveDenmark
68%
Celebrations start at 6.00pm on Jól Eve/Aðfangadagur.Iceland
68%
This country has some special carols of its own. These include 'Te Haranui and A Kiwiana Christmas!New Zealand
53%
Wigilia is the traditional Christmas Eve vigil supperPoland
32%
Happy/Merry Christmas is 'Veselé Vánoce in this countries languageCzechia
26%
Christmas Eve is called 'Ajunul Craciunului'Romania
26%

Score Distribution

Percentile by Number Answered

Percent of People with Each Score

Your Score History

You have not taken this quiz